IPv6 advanced protocols implementation / (Record no. 10387)
[ view plain ]
| 000 -LEADER | |
|---|---|
| fixed length control field | 01460cam a22003258a 4500 |
| 090 ## - LOCALLY ASSIGNED LC-TYPE CALL NUMBER (OCLC); LOCAL CALL NUMBER (OCLC) | |
| -- | 0 |
| 001 - CONTROL NUMBER | |
| control field | 14641097 |
| 005 - DATE AND TIME OF LATEST TRANSACTION | |
| control field | 20070512102141.0 |
| 008 - FIXED-LENGTH DATA ELEMENTS--GENERAL INFORMATION | |
| fixed length control field | 061120s2007 mau b 001 0 eng |
| 010 ## - LIBRARY OF CONGRESS CONTROL NUMBER | |
| LC control number | 2006038489 |
| 020 ## - INTERNATIONAL STANDARD BOOK NUMBER | |
| International Standard Book Number | 9780123704795 (hardcover : alk. paper) |
| 040 ## - CATALOGING SOURCE | |
| Original cataloging agency | DLC |
| Transcribing agency | DLC |
| Modifying agency | DLC |
| 050 00 - LIBRARY OF CONGRESS CALL NUMBER | |
| Classification number | TK5105.585 |
| Item number | .L535 2007 |
| 082 00 - DEWEY DECIMAL CLASSIFICATION NUMBER | |
| Classification number | 004.62 |
| Edition number | 22 |
| Item number | LIQ |
| 100 1# - MAIN ENTRY--PERSONAL NAME | |
| Personal name | Li, Qing, |
| Dates associated with a name | 1971- |
| 245 10 - TITLE STATEMENT | |
| Title | IPv6 advanced protocols implementation / |
| Statement of responsibility, etc | Qing Li, Tatuya Jinmei, Keiichi Shima. |
| 260 ## - PUBLICATION, DISTRIBUTION, ETC. (IMPRINT) | |
| Place of publication, distribution, etc | Boston : |
| Name of publisher, distributor, etc | Morgan Kaufmann Publishers, |
| Date of publication, distribution, etc | c2007. |
| 263 ## - PROJECTED PUBLICATION DATE | |
| Projected publication date | 0704 |
| 300 ## - PHYSICAL DESCRIPTION | |
| Extent | xxv. 981 p.: |
| Other physical details | ill.; |
| Dimensions | 24 cm. + |
| Accompanying material | 2 CD-ROM (4 3/4 in.) |
| 504 ## - BIBLIOGRAPHY, ETC. NOTE | |
| Bibliography, etc | Includes bibliographical references and index. |
| 650 #0 - SUBJECT ADDED ENTRY--TOPICAL TERM | |
| Topical term or geographic name as entry element | TCP/IP (Computer network protocol) |
| 700 1# - ADDED ENTRY--PERSONAL NAME | |
| Personal name | Jinmei, Tatuya, |
| Dates associated with a name | 1971- |
| 700 1# - ADDED ENTRY--PERSONAL NAME | |
| Personal name | Shima, Keiichi, |
| Dates associated with a name | 1970- |
| 856 41 - ELECTRONIC LOCATION AND ACCESS | |
| Materials specified | Table of contents only |
| Uniform Resource Identifier | <a href="http://www.loc.gov/catdir/toc/ecip075/2006038489.html">http://www.loc.gov/catdir/toc/ecip075/2006038489.html</a> |
| 856 42 - ELECTRONIC LOCATION AND ACCESS | |
| Materials specified | Publisher description |
| Uniform Resource Identifier | <a href="http://www.loc.gov/catdir/enhancements/fy0625/2006038489-d.html">http://www.loc.gov/catdir/enhancements/fy0625/2006038489-d.html</a> |
| 942 ## - ADDED ENTRY ELEMENTS (KOHA) | |
| Source of classification or shelving scheme | Dewey Decimal Classification |
| Item type | Book - Borrowing |
| Withdrawn status | Item status | Source of classification or shelving scheme | Damaged status | Not for loan | Vendor | Home library | Current library | Shelving location | Date acquired | Source of acquisition | Cost, normal purchase price | Serial Enumeration / chronology | Total Checkouts | Full call number | Barcode | Date last seen | Koha item type | Public note |
|---|---|---|---|---|---|---|---|---|---|---|---|---|---|---|---|---|---|---|
| Dewey Decimal Classification | Alahram | Central Library | Central Library | Lower Floor | 25/01/2009 | 552.20 | 6472 | 004.62 LIQ | 000015065 | 15/07/2025 | Book - Borrowing | |||||||
| Dewey Decimal Classification | Alahram | Central Library | Central Library | Lower Floor | 25/01/2009 | 6472 | 004.62 LIQ | 000015066 | 24/08/2022 | CD | DVD - With book | 2 CDs |